000 00427nam a2200169Ia 4500
999 _c7001
_d7001
003 GBCCL
005 20241126110617.0
008 180705b ||||| |||| 00| 0 eng d
040 _cGBC
082 _a030
_bDAY
245 _a1001 Days that shaped the world
260 _bHACHETTE
260 _c2015.
_aLondon:
_bHachette,
300 _a960
650 _aHistory - Miscellanea
_vChronology
_vHistorical
_912446
942 _2ddc
_cREF